000 00876nas a2200301 4500
001 BR0901640
003 BR-BrBNA
005 20231205112618.0
007 ta
008 230509b bl.|||p| |||| 00| 00por d
040 _aBR-BrBNA
_bpor
_cBiblioteca Nacional de Agricultura
041 _a(Pt)
072 _aF30
100 1 _aPinto, R.J.B.
100 1 _aKvitschal, M.V.
100 1 _aScapim, C.A.
100 1 _aFracaro, M.
100 1 _aBignotto, L.S.
100 1 _aSouza Neto, I.L. de
245 1 _aAnalise dialelica parcial de linhagens de milho-pipoca
650 _aMILHO PIPOCA
650 _aCRUZAMENTO DIALELICO
650 _aRENDIMENTO
650 _aLINHAGEM
773 0 _tRevista Brasileira de Milho e Sorgo (Brazil)
_xISSN 1676-689X
_g(Sep-Dec 2007), v. 6(3) p. 325-337
_wBR0901640
909 _a202311
_bLúcia
_c55
_dLúcia Elande
942 _2AGRIS
_n0
_cANA
999 _c198962
_d198962